Antología de José Vasconcelos.

שמור ב:
מידע ביבליוגרפי
מחבר ראשי: Fernández MacGregor, Genaro prol, (autor)
פורמט: ספר
שפה:ספרדית
מהדורה:3a edición
נושאים:
תגים: הוספת תג
אין תגיות, היה/י הראשונ/ה לתייג את הרשומה!

MARC

LEADER 00000nam^a2200000^u^4500
001 000514168
005 20250521000000.0
008 100823s1000^^^^^^^^^^^^r^^^^^000^0^spa^d
009 20260310130246.97
022 |a 9686052259 
035 |a FCE 000058380 
037 |a Acervo ITESO - Biblioteca 
041 |a spa 
082 0 4 |a 371.950972  |b FERa 
100 |a Fernández MacGregor, Genaro  |e prol  |e (autor) 
245 1 0 |a Antología de José Vasconcelos. 
250 |a 3a edición 
264 |a México:  |b Oasis,  |c 1980. 
300 |a 229 p. 
336 |a texto  |b txt  |2 rdacontenido 
337 |a sin mediación  |b n  |2 rdamedio 
338 |a volumen  |b nc  |2 rdasoporte 
649 |a XX 
650 |a Biografía 
650 |a Educación 
650 |a Pensamiento filosófico 
910 |a Fondo Centro de Estudios Educativos 
920 |a Impresos - Libros 
930 |a Fondos Especiales 
905 |a 133 
901 |a ALE068776  |b IT2  |c CEE  |u 20250521 
902 |a https://opac.biblio.iteso.mx/vufind/Record/000514168